000 00713cam a22002413a 4500
001 17093
003 PGUSA
005 20140828083350.0
008 051118s2005||||xxu|||||s|||||000 | eng d
040 _aPGUSA
_beng
042 _adc
050 4 _aSK
100 1 _aGibson, W. Hamilton
_q(William Hamilton),
_d1850-1896
245 1 0 _aCamp Life in the Woods and the Tricks of Trapping and Trap Making
_h[electronic resource] /
_cW. Hamilton Gibson
260 _bProject Gutenberg,
_c2005
506 _aPublic domain in the USA.
516 _aElectronic text
653 _aCamping
653 _aTrapping
830 0 _aProject Gutenberg
_v17093
856 4 0 _uhttp://www.gutenberg.org/ebooks/17093
942 _cEB
999 _c246348
_d246348